000 00507nam a22001697a 4500
003 OSt
005 20140310182512.0
008 130808t xxu||||| |||| 00| 0 eng d
020 _a9789715064804
050 _aPL 5531
_b.Ag93 2008
100 _aAguila, August Antonio A.
_99070
245 _aPhilippine literatures :
_btexts, themes, approaches /
_cAugust Antonio A. Aguila.
260 _aManila :
_bUST Publishing House,
_cc2008.
300 _a468 p. :
_c26 cm.
942 _2lcc
_cSSLC
999 _c13927
_d13927